Megnyílt a Szegedi Ipari Vásár Az ipar helyzetének tükre /
Elmentve itt :
| Szerző: | |
|---|---|
| Dokumentumtípus: | Cikk |
| Megjelent: |
1988-07-23
|
| Sorozat: | Délmagyarország
78 No. 175 |
| Kulcsszavak: | Szegedi Ipari Vásár és Kiállítás |
| Online Access: | http://dmarchiv.bibl.u-szeged.hu/107785 |
| LEADER | 00508nab a2200157 i 4500 | ||
|---|---|---|---|
| 001 | delm107785 | ||
| 005 | 20190919134936.0 | ||
| 008 | 190919s1988 hu o 0|| hun d | ||
| 040 | |a SZTE Délmagyarország Archívum |b hun | ||
| 041 | |a hun | ||
| 100 | 1 | |a Bőle István | |
| 245 | 1 | 0 | |a Megnyílt a Szegedi Ipari Vásár |h [elektronikus dokumentum] : |b Az ipar helyzetének tükre / |c Bőle István |
| 260 | |c 1988-07-23 | ||
| 300 | |a 1 | ||
| 490 | 0 | |a Délmagyarország |v 78 No. 175 | |
| 695 | |a Szegedi Ipari Vásár és Kiállítás | ||